000 00575nam a2200205Ia 4500
005 20250923145443.0
008 008 250917s9999 xx 000 0 eng d
037 _aTextual
040 _aDSWL
_beng
_cDSWL
041 _aeng
_2eng
084 _a0157;1x M61, N61
_qDSWL
100 _aGhose, S.K.
_9835488
245 4 _aThe Later Poems of Tagore
_c by S.K.Ghose
260 _aBombay
_bAsia Pub. House
_c1961
300 _aviii,304 p.
365 _aINR
_b12.5
925 _g12.5
942 _cTEXL
_h0157;1x M61, N61
999 _c1451542
_d1451542